<?xml version="1.0" encoding="UTF-8"?><?xml-stylesheet type="text/xsl" href="static/style.xsl"?><OAI-PMH xmlns="http://www.openarchives.org/OAI/2.0/" xmlns:xsi="http://www.w3.org/2001/XMLSchema-instance" xsi:schemaLocation="http://www.openarchives.org/OAI/2.0/ http://www.openarchives.org/OAI/2.0/OAI-PMH.xsd"><responseDate>2026-06-01T14:39:03Z</responseDate><request verb="GetRecord" identifier="oai:riuma.uma.es:10630/30802" metadataPrefix="marc">https://riuma.uma.es/rest/oai/request</request><GetRecord><record><header><identifier>oai:riuma.uma.es:10630/30802</identifier><datestamp>2026-02-03T11:21:28Z</datestamp><setSpec>com_10630_2254</setSpec><setSpec>col_10630_37953</setSpec></header><metadata><record xmlns="http://www.loc.gov/MARC21/slim" xmlns:dcterms="http://purl.org/dc/terms/" xmlns:doc="http://www.lyncode.com/xoai" xmlns:xsi="http://www.w3.org/2001/XMLSchema-instance" xsi:schemaLocation="http://www.loc.gov/MARC21/slim http://www.loc.gov/standards/marcxml/schema/MARC21slim.xsd">
   <leader>00925njm 22002777a 4500</leader>
   <datafield ind2=" " ind1=" " tag="042">
      <subfield code="a">dc</subfield>
   </datafield>
   <datafield ind2=" " ind1=" " tag="720">
      <subfield code="a">De la Vega, Rocío</subfield>
      <subfield code="e">author</subfield>
   </datafield>
   <datafield ind2=" " ind1=" " tag="720">
      <subfield code="a">Palermo, Tonya M.</subfield>
      <subfield code="e">author</subfield>
   </datafield>
   <datafield ind2=" " ind1=" " tag="260">
      <subfield code="c">2023-03-06</subfield>
   </datafield>
   <datafield ind2=" " ind1=" " tag="520">
      <subfield code="a">This study tested the mediating role of treatment perceptions (difficulty and helpfulness) in the association between individual baseline characteristics (treatment expectancies and readiness to change) and treatment engagement (online and offline) with a digital psychological intervention for adolescents with chronic pain.&#xd;
A secondary data analysis of a single-arm trial of Web-based Management of Adolescent Pain, a self-guided internet intervention developed for the management of chronic pain in adolescents, was conducted. Survey data were collected at baseline (T1), midtreatment (ie, 4 weeks after the treatment started; T2), and post treatment (T3). &#xd;
In total, 85 adolescents with chronic pain participated. Several mediation models were significant in predicting online engagement. A significant indirect effect was found for the path expectancies–helpfulness–online engagement and for the path precontemplation–helpfulness–online engagement. Fourteen percent of the variance of online engagement was explained by the model including expectancies as a predictor, whereas 15% was explained by the model where readiness to change was the predictor. Offline engagement was partially explained in the model including readiness to change as the predictor but with marginal significance.&#xd;
Treatment perception, specifically, perceived helpfulness, was a mediator of the pathway between both treatment expectancies and readiness to change and online engagement with a digital psychological intervention for chronic pain. Assessing these variables at baseline and midtreatment may help to determine the risk of nonadherence. Further work is needed to confirm these mediation pathways in larger samples.</subfield>
   </datafield>
   <datafield ind1="8" ind2=" " tag="024">
      <subfield code="a">de la Vega R, Palermo TM Mediating Role of Treatment Perceptions in the Relationship Between Individual Characteristics and Engagement With a Digital Psychological Intervention for Pediatric Chronic Pain: Secondary Data Analysis JMIR Pediatr Parent 2023;6:e42399</subfield>
   </datafield>
   <datafield ind1="8" ind2=" " tag="024">
      <subfield code="a">https://hdl.handle.net/10630/30802</subfield>
   </datafield>
   <datafield ind1="8" ind2=" " tag="024">
      <subfield code="a">10.2196/42399</subfield>
   </datafield>
   <datafield tag="653" ind2=" " ind1=" ">
      <subfield code="a">Adolescentes - Psicología</subfield>
   </datafield>
   <datafield tag="653" ind2=" " ind1=" ">
      <subfield code="a">Dolor - Aspectos psicológicos</subfield>
   </datafield>
   <datafield ind2="0" ind1="0" tag="245">
      <subfield code="a">The mediating role of treatment perceptions in the relationship between individual characteristics and engagement with a digital psychological intervention for pediatric chronic pain: a secondary data análisis</subfield>
   </datafield>
</record>
</metadata></record></GetRecord></OAI-PMH>